Песни Аллы Пугачёвой - Армагеддон - Statistics

General Stats
  • This quiz has been taken 36 times
  • The average score is 11 of 25
Answers on the Grid
Answers color-coded by a green-red scale on the quiz's grid according to % correct below.
Этот мир
Держи меня, соломинка
Паромщик
Шар цвета хаки
Алло
Песня первоклассника
Песенка о медведях
Доченька
Мой блуждающий огонь
Подмосковные вечера
Робот
Нежность
Костёр
Расскажите, птицы
Московский бит
Песенка о шпаге
Свеча горела на столе
Ложкой снег мешая
Миллион роз
Две звезды
Когда ты вернёшься
Звенит январская вьюга
Крыша дома твоего
Позвони мне, позвони
Любовь, похожая на сон
Синяя птица
Я больше не ревную
Музыка нас связала
Пока горит свеча
Арлекино
Старинные часы
Примадонна
Не волнуйтесь, тётя
Будь или не будь
Помоги мне
Белая дверь
Мадам Брошкина
Ветер с моря дул
Червона рута
Позови меня с собой
Сука-любовь
Когда я уйду
Опять метель
Если я уйду
Айсберг
Эта музыка будет вечной
Не отрекаются, любя
Мой город будет стоять
Часики
Я тебя поцеловала
 
Answer Stats
Answer % Correct
Миллион роз
81%
Арлекино
77%
Этот мир
69%
Любовь, похожая на сон
69%
Позови меня с собой
69%
Примадонна
62%
Будь или не будь
62%
Старинные часы
58%
Мадам Брошкина
58%
Айсберг
54%
Паромщик
50%
Опять метель
46%
Не отрекаются, любя
46%
Алло
42%
Доченька
42%
Расскажите, птицы
38%
Две звезды
38%
Держи меня, соломинка
35%
Песня первоклассника
35%
Я тебя поцеловала
35%
Свеча горела на столе
23%
Белая дверь
19%
Робот
8%
Я больше не ревную
8%
Когда я уйду
8%
No matching quizzes found
Score Distribution
Percent of People with Each Score
Percentile by Number Answered
Your Score History
You have not taken this quiz